Lite loto : (Registro nro. 4233)
[ vista simple ]
| 000 -LEADER | |
|---|---|
| fixed length control field | 00878nam a2200205Ia 4500 |
| 003 - CONTROL NUMBER IDENTIFIER | |
| control field | OSt |
| 005 - DATE AND TIME OF LATEST TRANSACTION | |
| control field | 20200624125916.0 |
| 008 - FIXED-LENGTH DATA ELEMENTS--GENERAL INFORMATION | |
| fixed length control field | 191128s2017 ck a gr 000 j spa d |
| 040 ## - CATALOGING SOURCE | |
| Original cataloging agency | CO-JMCR |
| Transcribing agency | CO-JMCR |
| 041 ## - LANGUAGE CODE | |
| Language code of text/sound track or separate title | spa |
| 082 04 - DEWEY DECIMAL CLASSIFICATION NUMBER | |
| Classification number | J / |
| Item number | LIT |
| 100 1# - MAIN ENTRY--PERSONAL NAME | |
| Personal name | Nieto de Arias, Gloria, |
| Relator term | autora |
| 9 (RLIN) | 5950 |
| 245 10 - TITLE STATEMENT | |
| Title | Lite loto : |
| Remainder of title | jugando aprende literatura / |
| Statement of responsibility, etc. | Gloria Nieto de Arias |
| 260 ## - PUBLICATION, DISTRIBUTION, ETC. | |
| Place of publication, distribution, etc. | Bogotá : |
| Name of publisher, distributor, etc. | Colsubsidio, |
| Date of publication, distribution, etc. | 2017 |
| 300 ## - PHYSICAL DESCRIPTION | |
| Extent | 1 juego (60 cartones, 240 tarjetas, 1 cuadernillo con las reglas e instrucciones del juego) |
| Dimensions | 21 cm. |
| 500 ## - GENERAL NOTE | |
| General note | Recomendado a partir de los 12 años. |
| 520 ## - SUMMARY, ETC. | |
| Summary, etc. | Es un juego donde todos ganan porque todos aprenden. Este sistema contribuye a familiarizar a los jugadores con los libros y a desarrollar el hábito de realizar -en cada lectura- un elemental análisis literario. |
| 650 14 - SUBJECT ADDED ENTRY--TOPICAL TERM | |
| Topical term or geographic name entry element | Juegos en grupo |
| 9 (RLIN) | 5951 |
| 942 ## - ADDED ENTRY ELEMENTS (KOHA) | |
| Source of classification or shelving scheme | Dewey Decimal Classification |
| Koha item type | Books |
| Withdrawn status | Lost status | Source of classification or shelving scheme | Damaged status | Not for loan | Collection code | Home library | Current library | Date acquired | Source of acquisition | Cost, normal purchase price | Total Checkouts | Full call number | Barcode | Date last seen | Date last checked out | Copy number | Koha item type |
|---|---|---|---|---|---|---|---|---|---|---|---|---|---|---|---|---|---|
| Dewey Decimal Classification | Fiction | Biblioteca Pública José María del Castillo y Rada | Biblioteca Pública José María del Castillo y Rada | 11/28/2019 | Donación | 0.00 | 1 | J / LIT | 201809063 | 01/27/2025 | 01/24/2025 | Ej.1 | Books |